旧北陸本線の区間の駅 - Statistics

General Stats
  • This quiz has been taken 28 times
  • The average score is 77 of 87
Answer Stats
Answer % Correct
米原
100%
長浜
100%
近江塩津
100%
敦賀
100%
敦賀
100%
南今庄
100%
今庄
100%
武生
100%
鯖江
100%
福井
100%
芦原温泉
100%
大聖寺
100%
大聖寺
100%
小松
100%
西金沢
100%
金沢
100%
倶利伽羅
100%
倶利伽羅
100%
高岡
100%
富山
100%
100%
直江津
100%
木ノ本
96%
新疋田
96%
南条
96%
北鯖江
96%
越前花堂
96%
丸岡
96%
加賀温泉
96%
松任
96%
野々市
96%
東金沢
96%
津幡
96%
糸魚川
96%
坂田
92%
能美根上
92%
石動
92%
魚津
92%
黒部
92%
入善
92%
虎姫
88%
余呉
88%
森田
88%
春江
88%
細呂木
88%
動橋
88%
森本
88%
福岡
88%
西高岡
88%
高岡やぶなみ
88%
呉羽
88%
東富山
88%
滑川
88%
市振
88%
市振
88%
親不知
88%
田村
83%
高月
83%
小杉
83%
東滑川
83%
越中宮崎
83%
能生
83%
王子保
79%
大土呂
79%
粟津
79%
美川
79%
加賀笠間
79%
西松任
79%
越中大門
79%
新富山口
79%
水橋
79%
西入善
79%
青海
79%
筒石
79%
湯尾
75%
しきぶ
75%
牛ノ谷
75%
明峰
75%
生地
75%
名立
75%
谷浜
75%
河毛
71%
小舞子
71%
えちご押上ひすい海岸
71%
梶屋敷
71%
有間川
58%
浦本
54%
No matching quizzes found
Score Distribution
Percent of People with Each Score
Percentile by Number Answered
Your Score History
You have not taken this quiz